|
|
|
|
| LEADER |
00000cam a22000002c 4500 |
| 001 |
1099370698 |
| 003 |
DE-627 |
| 005 |
20251224220903.0 |
| 007 |
tu |
| 008 |
920804s1983 xx ||||| 00| ||eng c |
| 035 |
|
|
|a (DE-627)1099370698
|
| 035 |
|
|
|a (DE-576)029370698
|
| 035 |
|
|
|a (DE-599)BSZ029370698
|
| 035 |
|
|
|a (OCoLC)10420251
|
| 040 |
|
|
|a DE-627
|b ger
|c DE-627
|e rakwb
|
| 041 |
|
|
|a eng
|
| 082 |
0 |
|
|a 364/.042/09797
|
| 245 |
0 |
0 |
|a History of crimes and arrests
|b state of Washington, 1971 to 1982
|c prep. by Washington / Office of Financial Management, Forecasting and Estimation Division
|
| 264 |
|
1 |
|a Olympia Wash.
|b The Division
|c [1983]
|
| 300 |
|
|
|a 79 S.
|b Ill.
|
| 336 |
|
|
|a Text
|b txt
|2 rdacontent
|
| 337 |
|
|
|a ohne Hilfsmittel zu benutzen
|b n
|2 rdamedia
|
| 338 |
|
|
|a Band
|b nc
|2 rdacarrier
|
| 500 |
|
|
|a Bibliogr.: S. 79
|
| 583 |
1 |
|
|a Archivierung prüfen
|c 20200919
|f DE-640
|z 2
|2 pdager
|
| 710 |
2 |
|
|a Washington
|b Office of Financial Management, Forecasting and Estimation Division
|0 (DE-588)5046864-9
|0 (DE-627)709444435
|0 (DE-576)193505851
|4 oth
|
| 951 |
|
|
|a BO
|
| ELC |
|
|
|b 1
|
| LOK |
|
|
|0 000 xxxxxcx a22 zn 4500
|
| LOK |
|
|
|0 001 2189656672
|
| LOK |
|
|
|0 003 DE-627
|
| LOK |
|
|
|0 004 1099370698
|
| LOK |
|
|
|0 005 20020606000000
|
| LOK |
|
|
|0 008 920804||||||||||||||||ger|||||||
|
| LOK |
|
|
|0 040
|a DE-21
|c DE-627
|d DE-21
|
| LOK |
|
|
|0 852
|a DE-21
|
| LOK |
|
|
|0 852 1
|c KB 6 E 670
|9 00
|
| LOK |
|
|
|0 935
|a krim
|
| LOK |
|
|
|0 936ln
|a k6.4
|
| LOK |
|
|
|0 939
|a 04-08-92
|b l01
|
| ORI |
|
|
|a SA-MARC-krimdoka001.raw
|
| SIG |
|
|
|a UB: KB 6 E 670
|